African Countries "Hangman" - Randomized - Statistics

General Stats
  • This quiz has been taken 1,982 times
  • The average score is 6 of 7
Answer Stats
Spelling % Correct
A
100%
A
100%
A
99%
A
98%
A
97%
A
97%
A
97%
A
97%
O
97%
O
97%
O
97%
A
95%
E
95%
A
94%
A
94%
I
93%
I
93%
L
93%
G
92%
M
91%
E
90%
I
90%
I
90%
O
90%
O
90%
O
90%
R
90%
C
88%
E
88%
E
87%
E
87%
I
87%
N
87%
B
86%
I
86%
I
86%
R
85%
I
84%
I
84%
N
84%
N
84%
I
83%
M
83%
O
83%
E
82%
I
82%
I
82%
O
82%
O
82%
S
82%
R
81%
G
80%
N
80%
E
79%
E
79%
M
79%
S
79%
S
79%
T
78%
G
77%
L
77%
L
76%
M
75%
R
75%
U
75%
C
74%
C
74%
R
74%
R
74%
S
74%
T
74%
S
73%
R
72%
N
70%
T
70%
L
66%
H
64%
B
62%
L
61%
R
59%
U
58%
U
58%
D
53%
B
52%
No matching quizzes found
Score Distribution
Percent of People with Each Score
Percentile by Number Answered
Your Score History
You have not taken this quiz